000 00540nam a22001937a 4500
003 KOHA_MİRAKIL
005 20250417164753.0
008 250417b tu ||||| |||| 00| 0 tur d
020 _a9786057762948
040 _aTR-AnABB
_btur
_cTR-AnABB
041 _atur
082 _a828.3352
_bWES 2020
100 1 _aWest, Nathanael,
245 1 0 _aBayan yalnız kalpler /
_cNathanael West
260 _aİstanbul :
_bİthaki Yayınları,
_c2020
300 _a108 sayfa ;
_c21 cm
650 0 4 _aTürk edebiyatı, roman
942 _2ddc
_cBK
999 _c8768
_d8768
900 _bGizem YORULMAZ